LEADER 01436nam a2200301 i 4500 001 000000254551 003 CaOOAMICUS 005 20170609000000.0 008 170609s2013 it u000 u ita u 013 $a233456 020 $a978-88-6030-592-3 040 $aSeMil$bita 100 1 $aPortmann, Adolf,$d<1897-1982>.$0(OLS)http://semarc/name/61393 240 14$aDie Tiergestalt.$0(OLS)http://semarc/title/411048 245 13$aLa forma degli animali :$bstudi sul significato dell'apparenza fenomenica degli animali /$cAdolf Portmann ; edizione italiana a cura di Pietro Conte. 260 $aMilano :$bRaffaello Cortina,$c2013. 300 $aXXXIII, 248 p. :$bill. ;$c23 cm. 490 0 $aScienza e idee ;$v234 650 4$aAnatomia comparata.$0(OLS)http://semarc/subject/45281 650 4$aEstetica e biologia.$0(OLS)http://semarc/subject/46878 700 1 $aConte, Pietro <1977- >.$0(OLS)http://semarc/name/90394 830 0$aScienza e idee ;$v234.$0(OLS)http://semarc/title/5942 850 $aSeMil 852 $aSeMil$W1$xVenegono$y1$m2NA F 234$j241767$B204897$CSeMilBibl$Z2$F218422 $81 961 $aAcquisto: Hoepli 996 $6020$a978-88-6030-592-3$9(OLS)http://semarc/number/277963 996 $6245$aLa forma degli animali :$bstudi sul significato dell'apparenza fenomenica degli animali$9(OLS)http://semarc/title/411047 996 $6260$aMilano :$bRaffaello Cortina$9(OLS)http://semarc/publisher/31196 LEADER 01194nam a2200241 i 4500 001 000000024351 003 CaOOAMICUS 005 20180830125446.0 008 180830s1954 it u000 u ita u 040 $aSeMil$bita 100 1 $aMarx, Karl,$d<1818-1883>.$0(OLS)http://semarc/name/539 245 10$aStoria delle teorie economiche /$cKarl Marx ; introduzione di Maurice Dobb ; traduzione di Elio Conti. 260 $aTorino :$bGiulio Einaudi,$c1954-1958. 300 $a3 v. ;$c22 cm. 650 4$aEconomia - Teorie.$0(OLS)http://semarc/subject/880 700 1 $aConti, Elio.$0(OLS)http://semarc/name/10777 700 1 $aDobb, Maurice,$d<1900-1976>.$0(OLS)http://semarc/name/10776 773 0 $tNuova biblioteca scientifica Einaudi.$dTorino : Giulio Einaudi, 1965.$w()13428 774 0 $tTeoria del plusvalore.$kNuova biblioteca scientifica Einaudi$g1$w()197789 774 0 $tDavid Ricardo.$kNuova biblioteca scientifica Einaudi$g2$w()197791 774 0 $tDa Ricardo all'economia volgare.$kNuova biblioteca scientifica Einaudi$g3$w()197792 996 $6245$aStoria delle teorie economiche$9(OLS)http://semarc/title/32708 996 $6260$aTorino :$bGiulio Einaudi$9(OLS)http://semarc/publisher/29810